000 00917nam a2200253Ia 4500
003 OSt
005 20221005111654.0
006 a|||||r|||| 00| 0
007 ta
008 221004b |||||||| |||| 00| 0 hin d
024 _a107472
037 _cTextual
040 _aCRL
_cCRL
_bhin
041 _2hin
_ahin
082 _aO1520m64:g, H0
100 _aवाजपेयी, अम्बिकाप्रसाद
245 0 _aहिन्दी पर फारसी का प्रभाव
246 _aHindī par fārasī kā prabhāva
260 _aप्रयाग
_bहिन्दी - साहित्य - सम्मेलन भारत
_c1940
300 _a145पृ0
_ccm.
650 _aहिन्दी साहित्य
942 _hO1520m64:g, H0
_cTEXL
_2cc
999 _c1022534
_d1022534